[Event "DEM U14 2024"]
[Site "Willingen GER"]
[Date "2024.05.25"]
[Round "9"]
[White "Neuhoff, Laertes"]
[Black "Türel, Tugrul"]
[Result "1/2-1/2"]
[Termination "normal"]
[Board "5"]
[WhiteElo "2089"]
[BlackElo "2070"]
[WhiteClock "00:09:21"]
[BlackClock "00:03:17"]
[PlyCount "135"]
[WhiteFideId "16279719"]
[BlackFideId "26338408"]
[EventCountry "GER"]
[EventRounds "9"]
[EventType "swiss"]
[EventDate "2024.05.18"]

1. Nf3 {[%clk 01:30:59]} d5 {[%clk 01:30:48]} {[%emt 00:00:13]} 2. g3 {[%clk
01:31:12]} {[%emt 00:00:17]} Nd7 {[%clk 01:26:50]} {[%emt 00:04:28]} 3. Bg2
{[%clk 01:31:34]} {[%emt 00:00:08]} e5 {[%clk 01:27:15]} {[%emt 00:00:05]} 4.
d3 {[%clk 01:31:56]} {[%emt 00:00:08]} Ngf6 {[%clk 01:26:51]} {[%emt 00:00:54]}
5. O-O {[%clk 01:32:03]} {[%emt 00:00:22]} Bd6 {[%clk 01:26:12]} {[%emt
00:01:09]} 6. Nbd2 {[%clk 01:32:20]} {[%emt 00:00:14]} O-O {[%clk 01:23:16]}
{[%emt 00:03:26]} 7. e4 {[%clk 01:32:44]} {[%emt 00:00:06]} dxe4 {[%clk
01:22:23]} {[%emt 00:01:23]} 8. Nxe4 {[%clk 01:28:13]} {[%emt 00:05:00]} Nxe4
{[%clk 01:22:46]} {[%emt 00:00:08]} 9. dxe4 {[%clk 01:28:38]} {[%emt 00:00:05]}
Nb6 {[%clk 01:19:26]} {[%emt 00:03:49]} 10. b3 {[%clk 01:25:50]} {[%emt
00:03:18]} f6 {[%clk 01:18:40]} {[%emt 00:01:16]} 11. Bb2 {[%clk 01:25:47]}
{[%emt 00:00:33]} Be6 {[%clk 01:18:56]} {[%emt 00:00:14]} 12. c4 {[%clk
01:25:23]} {[%emt 00:00:54]} a5 {[%clk 01:11:56]} {[%emt 00:07:31]} 13. Qc2
{[%clk 01:24:54]} {[%emt 00:00:59]} Bc5 {[%clk 01:11:45]} {[%emt 00:00:41]} 14.
Rad1 {[%clk 01:20:38]} {[%emt 00:04:46]} Qe7 {[%clk 01:12:05]} {[%emt
00:00:09]} 15. Ne1 {[%clk 01:16:06]} {[%emt 00:05:02]} Rfd8 {[%clk 00:59:39]}
{[%emt 00:12:56]} 16. Nd3 {[%clk 01:03:23]} {[%emt 00:13:14]} Bd4 {[%clk
00:51:07]} {[%emt 00:09:02]} 17. Bxd4 {[%clk 00:50:30]} {[%emt 00:13:22]} Rxd4
{[%clk 00:50:56]} {[%emt 00:00:41]} 18. c5 {[%clk 00:50:06]} {[%emt 00:00:54]}
Nd7 {[%clk 00:42:42]} {[%emt 00:08:44]} 19. c6 {[%clk 00:43:27]} {[%emt
00:07:10]} bxc6 {[%clk 00:41:14]} {[%emt 00:01:58]} 20. Qxc6 {[%clk 00:43:30]}
{[%emt 00:00:27]} Ra7 {[%clk 00:38:50]} {[%emt 00:02:53]} 21. Nb2 {[%clk
00:27:26]} {[%emt 00:16:34]} Qd6 {[%clk 00:32:00]} {[%emt 00:07:20]} 22. Qxd6
{[%clk 00:26:53]} {[%emt 00:01:04]} Rxd6 {[%clk 00:32:20]} {[%emt 00:00:09]}
23. Rxd6 {[%clk 00:26:54]} {[%emt 00:00:29]} cxd6 {[%clk 00:32:46]} {[%emt
00:00:04]} 24. Rd1 {[%clk 00:26:50]} {[%emt 00:00:34]} Ra6 {[%clk 00:29:20]}
{[%emt 00:03:57]} 25. Bf1 {[%clk 00:26:26]} {[%emt 00:00:48]} Rc6 {[%clk
00:22:07]} {[%emt 00:07:48]} 26. Nc4 {[%clk 00:26:23]} {[%emt 00:00:33]} a4
{[%clk 00:21:28]} {[%emt 00:01:09]} 27. Na5 {[%clk 00:07:04]} {[%emt 00:19:49]}
Rb6 {[%clk 00:17:39]} {[%emt 00:04:20]} 28. bxa4 {[%clk 00:06:29]} {[%emt
00:01:05]} Nc5 {[%clk 00:13:14]} {[%emt 00:04:54]} 29. Bb5 {[%clk 00:02:48]}
{[%emt 00:04:11]} Nxe4 {[%clk 00:10:37]} {[%emt 00:03:08]} 30. Nc4 {[%clk
00:02:34]} {[%emt 00:00:44]} Rxb5 {[%clk 00:02:40]} {[%emt 00:08:27]} 31. axb5
{[%clk 00:02:43]} {[%emt 00:00:21]} Bxc4 {[%clk 00:03:09]} {[%emt 00:00:01]}
32. b6 {[%clk 00:02:43]} {[%emt 00:00:30]} Ba6 {[%clk 00:03:21]} {[%emt
00:00:18]} 33. f3 {[%clk 00:02:51]} {[%emt 00:00:22]} Nc5 {[%clk 00:02:37]}
{[%emt 00:01:14]} 34. Rxd6 {[%clk 00:03:14]} {[%emt 00:00:06]} Bb7 {[%clk
00:02:51]} {[%emt 00:00:17]} 35. a4 {[%clk 00:01:44]} {[%emt 00:02:00]} Kf7
{[%clk 00:02:02]} {[%emt 00:01:19]} 36. Rd8 {[%clk 00:02:08]} {[%emt 00:00:05]}
Bxf3 {[%clk 00:00:56]} {[%emt 00:01:36]} 37. Rc8 {[%clk 00:00:57]} {[%emt
00:01:41]} Na6 {[%clk 00:00:42]} {[%emt 00:00:45]} 38. Rd8 {[%clk 00:00:38]}
{[%emt 00:00:49]} Ke7 {[%clk 00:00:43]} {[%emt 00:00:29]} 39. Rg8 {[%clk
00:01:00]} {[%emt 00:00:07]} Kf7 {[%clk 00:01:01]} {[%emt 00:00:12]} 40. Rd8
{[%clk 00:01:05]} {[%emt 00:00:25]} Bc6 {[%clk 00:00:44]} {[%emt 00:00:47]} 41.
b7 {[%clk 00:01:08]} {[%emt 00:00:28]} Ke7 {[%clk 00:26:22]} {[%emt 00:04:51]}
42. b8=Q {[%clk 00:26:45]} {[%emt 00:04:53]} Nxb8 {[%clk 00:26:44]} {[%emt
00:00:07]} 43. Rxb8 {[%clk 00:27:08]} {[%emt 00:00:08]} Bxa4 {[%clk 00:27:11]}
{[%emt 00:00:04]} 44. Rb7+ {[%clk 00:27:28]} {[%emt 00:00:10]} Bd7 {[%clk
00:27:23]} {[%emt 00:00:17]} 45. Kf2 {[%clk 00:27:52]} {[%emt 00:00:06]} f5
{[%clk 00:24:28]} {[%emt 00:03:25]} 46. Ke3 {[%clk 00:28:16]} {[%emt 00:00:06]}
g5 {[%clk 00:21:00]} {[%emt 00:03:57]} 47. Kd3 {[%clk 00:28:18]} {[%emt
00:00:28]} Kd6 {[%clk 00:19:19]} {[%emt 00:02:12]} 48. Rb8 {[%clk 00:27:15]}
{[%emt 00:01:33]} f4 {[%clk 00:18:49]} {[%emt 00:01:00]} 49. Rg8 {[%clk
00:26:38]} {[%emt 00:01:03]} Bf5+ {[%clk 00:16:39]} {[%emt 00:02:44]} 50. Ke2
{[%clk 00:26:32]} {[%emt 00:00:35]} Bg6 {[%clk 00:11:38]} {[%emt 00:05:31]} 51.
Kf3 {[%clk 00:23:52]} {[%emt 00:03:09]} e4+ {[%clk 00:11:40]} {[%emt 00:00:30]}
52. Kf2 {[%clk 00:23:06]} {[%emt 00:01:16]} e3+ {[%clk 00:11:57]} {[%emt
00:00:13]} 53. Ke2 {[%clk 00:23:13]} {[%emt 00:00:22]} Ke5 {[%clk 00:08:49]}
{[%emt 00:03:39]} 54. Ra8 {[%clk 00:20:41]} {[%emt 00:03:02]} Bc2 {[%clk
00:03:03]} {[%emt 00:06:16]} 55. Re8+ {[%clk 00:19:33]} {[%emt 00:01:38]} Kd4
{[%clk 00:02:44]} {[%emt 00:00:49]} 56. gxf4 {[%clk 00:16:01]} {[%emt
00:04:02]} gxf4 {[%clk 00:02:29]} {[%emt 00:00:45]} 57. Kf3 {[%clk 00:14:10]}
{[%emt 00:02:21]} Bg6 {[%clk 00:02:00]} {[%emt 00:00:59]} 58. Re7 {[%clk
00:11:22]} {[%emt 00:03:18]} Bd3 {[%clk 00:00:33]} {[%emt 00:01:57]} 59. Kxf4
{[%clk 00:10:47]} {[%emt 00:01:05]} e2 {[%clk 00:01:02]} {[%emt 00:00:02]} 60.
Kf3 {[%clk 00:09:28]} {[%emt 00:01:48]} Kc3 {[%clk 00:01:28]} {[%emt 00:00:04]}
61. Kf2 {[%clk 00:08:43]} {[%emt 00:01:14]} Kd2 {[%clk 00:01:54]} {[%emt
00:00:05]} 62. Re8 {[%clk 00:08:06]} {[%emt 00:01:07]} Bb5 {[%clk 00:01:49]}
{[%emt 00:00:35]} 63. Rd8+ {[%clk 00:08:30]} {[%emt 00:00:06]} Bd3 {[%clk
00:02:15]} {[%emt 00:00:04]} 64. Re8 {[%clk 00:08:52]} {[%emt 00:00:08]} Bb5
{[%clk 00:02:20]} {[%emt 00:00:26]} 65. Re5 {[%clk 00:08:46]} {[%emt 00:00:35]}
Bd3 {[%clk 00:02:45]} {[%emt 00:00:05]} 66. h4 {[%clk 00:08:47]} {[%emt
00:00:29]} h5 {[%clk 00:02:57]} {[%emt 00:00:18]} 67. Re7 {[%clk 00:08:59]}
{[%emt 00:00:19]} Bc4 {[%clk 00:03:17]} {[%emt 00:00:10]} 68. Re5 {[%clk
00:09:21]} {[%emt 00:00:08]} 1/2-1/2

[Event "DEM U14 2024"]
[Site "Willingen GER"]
[Date "2024.05.25"]
[Round "9"]
[White "Albrecht, Neil"]
[Black "Mündörfer, Sebastian"]
[Result "1/2-1/2"]
[Termination "normal"]
[Board "6"]
[WhiteElo "1938"]
[BlackElo "1914"]
[WhiteClock "00:42:40"]
[BlackClock "00:50:15"]
[PlyCount "44"]
[WhiteFideId "34621091"]
[BlackFideId "34604367"]
[EventCountry "GER"]
[EventRounds "9"]
[EventType "swiss"]
[EventDate "2024.05.18"]

1. e4 {[%clk 01:30:49]} c6 {[%emt 00:00:07]} 2. d4 {[%emt 00:00:09]} d5 {[%clk
01:31:20]} 3. Nc3 {[%clk 01:31:35]} {[%emt 00:00:08]} dxe4 {[%clk 01:31:45]}
{[%emt 00:00:05]} 4. Nxe4 {[%clk 01:31:58]} {[%emt 00:00:06]} Nd7 {[%emt
00:02:24]} 5. Nf3 {[%clk 01:28:34]} {[%emt 00:01:38]} Ngf6 {[%emt 00:01:01]} 6.
Bd3 {[%emt 00:01:49]} Nxe4 {[%emt 00:01:03]} 7. Bxe4 {[%clk 01:27:21]} {[%emt
00:00:23]} Nf6 {[%clk 01:31:23]} {[%emt 00:00:12]} 8. Bd3 {[%clk 01:26:23]}
{[%emt 00:01:28]} Bg4 {[%clk 01:29:14]} {[%emt 00:02:38]} 9. c3 {[%emt
00:02:39]} e6 {[%emt 00:00:52]} 10. h3 {[%emt 00:00:12]} Bh5 {[%clk 01:28:55]}
{[%emt 00:00:21]} 11. Be3 {[%clk 01:18:16]} {[%emt 00:06:52]} Bd6 {[%clk
01:19:28]} {[%emt 00:09:58]} 12. O-O {[%clk 01:16:30]} {[%emt 00:02:15]} Nd5
{[%clk 01:13:35]} {[%emt 00:06:23]} 13. c4 {[%clk 01:07:33]} {[%emt 00:09:28]}
Nf4 {[%clk 01:11:09]} {[%emt 00:02:56]} 14. Bxf4 {[%clk 01:04:13]} {[%emt
00:03:49]} Bxf4 {[%clk 01:09:38]} {[%emt 00:02:02]} 15. Re1 {[%clk 01:00:12]}
{[%emt 00:04:30]} O-O {[%clk 01:04:38]} {[%emt 00:05:31]} 16. Qe2 {[%clk
00:55:38]} {[%emt 00:05:03]} Bxf3 {[%clk 00:56:22]} {[%emt 00:08:47]} 17. Qxf3
{[%clk 00:55:27]} {[%emt 00:00:41]} Bh6 {[%clk 00:56:13]} {[%emt 00:00:39]} 18.
Rad1 {[%clk 00:50:57]} {[%emt 00:04:59]} g6 {[%clk 00:54:11]} {[%emt 00:02:32]}
19. Bc2 {[%clk 00:49:18]} {[%emt 00:02:10]} Bg7 {[%clk 00:53:09]} {[%emt
00:01:31]} 20. d5 {[%clk 00:45:35]} {[%emt 00:04:14]} cxd5 {[%clk 00:50:43]}
{[%emt 00:02:56]} 21. cxd5 {[%clk 00:45:53]} {[%emt 00:00:11]} exd5 {[%clk
00:50:48]} {[%emt 00:00:26]} 22. Rxd5 {[%clk 00:42:40]} {[%emt 00:03:43]} Qc7
{[%clk 00:50:15]} {[%emt 00:01:03]} 1/2-1/2

[Event "DEM U14 2024"]
[Site "Willingen GER"]
[Date "2024.05.25"]
[Round "9"]
[White "Schwitkowski, Luka"]
[Black "Malinowsky, Levi"]
[Result "0-1"]
[Termination "normal"]
[Board "7"]
[BlackTitle "CM"]
[WhiteElo "2028"]
[BlackElo "1990"]
[WhiteClock "00:27:59"]
[BlackClock "00:36:47"]
[PlyCount "84"]
[WhiteFideId "34610669"]
[BlackFideId "16253094"]
[EventCountry "GER"]
[EventRounds "9"]
[EventType "swiss"]
[EventDate "2024.05.18"]

1. e4 {[%clk 01:30:53]} {[%emt 00:00:06]} c5 {[%clk 01:30:55]} {[%emt
00:00:06]} 2. Nc3 {[%clk 01:30:34]} {[%emt 00:00:49]} d6 {[%clk 01:29:12]}
{[%emt 00:02:14]} 3. d4 {[%clk 01:30:19]} {[%emt 00:00:44]} cxd4 {[%clk
01:29:22]} {[%emt 00:00:21]} 4. Qxd4 {[%clk 01:30:44]} {[%emt 00:00:04]} Nc6
{[%clk 01:29:20]} {[%emt 00:00:32]} 5. Qd2 {[%clk 01:31:07]} {[%emt 00:00:06]}
g6 {[%clk 01:29:37]} {[%emt 00:00:14]} 6. b3 {[%clk 01:31:28]} {[%emt
00:00:09]} Bh6 {[%clk 01:29:23]} {[%emt 00:00:44]} 7. f4 {[%clk 01:31:52]}
{[%emt 00:00:06]} Nf6 {[%clk 01:28:55]} {[%emt 00:00:58]} 8. Bb2 {[%clk
01:32:11]} {[%emt 00:00:11]} O-O {[%clk 01:27:21]} {[%emt 00:02:03]} 9. O-O-O
{[%clk 01:32:36]} {[%emt 00:00:06]} e5 {[%clk 01:25:42]} {[%emt 00:02:10]} 10.
g3 {[%clk 01:32:54]} {[%emt 00:00:11]} Re8 {[%clk 01:21:38]} {[%emt 00:04:35]}
11. Kb1 {[%clk 01:25:09]} {[%emt 00:08:14]} exf4 {[%clk 01:16:39]} {[%emt
00:05:29]} 12. gxf4 {[%clk 01:25:29]} {[%emt 00:00:10]} Nxe4 {[%clk 01:12:35]}
{[%emt 00:04:35]} 13. Nxe4 {[%clk 01:25:29]} {[%emt 00:00:30]} Rxe4 {[%clk
01:12:52]} {[%emt 00:00:13]} 14. Qc3 {[%clk 01:23:56]} {[%emt 00:02:03]} f6
{[%clk 01:11:42]} {[%emt 00:01:40]} 15. Bc4+ {[%clk 01:19:41]} {[%emt
00:04:45]} Kg7 {[%clk 01:02:56]} {[%emt 00:09:15]} 16. Qf3 {[%clk 00:26:55]}
{[%emt 00:53:15]} Rxf4 {[%clk 00:55:00]} {[%emt 00:08:27]} 17. Qd5 {[%clk
00:22:54]} {[%emt 00:04:30]} Ne5 {[%clk 00:47:30]} {[%emt 00:07:59]} 18. Ne2
{[%clk 00:22:46]} {[%emt 00:00:39]} Nxc4 {[%clk 00:39:58]} {[%emt 00:08:03]}
19. bxc4 {[%clk 00:11:12]} {[%emt 00:12:04]} Rf5 {[%clk 00:37:39]} {[%emt
00:02:48]} 20. Qd4 {[%clk 00:09:03]} {[%emt 00:02:37]} Be6 {[%clk 00:31:44]}
{[%emt 00:06:27]} 21. Rhf1 {[%clk 00:07:41]} {[%emt 00:01:51]} Rc8 {[%clk
00:27:09]} {[%emt 00:05:06]} 22. Rxf5 {[%clk 00:07:47]} {[%emt 00:00:24]} Bxf5
{[%clk 00:27:24]} {[%emt 00:00:14]} 23. Ng3 {[%clk 00:07:51]} {[%emt 00:00:26]}
Be6 {[%clk 00:22:33]} {[%emt 00:05:21]} 24. Qxa7 {[%clk 00:07:41]} {[%emt
00:00:42]} Rxc4 {[%clk 00:20:45]} {[%emt 00:02:18]} 25. Qxb7+ {[%clk 00:07:48]}
{[%emt 00:00:22]} Qc7 {[%clk 00:20:55]} {[%emt 00:00:20]} 26. Qf3 {[%clk
00:07:28]} {[%emt 00:00:49]} Rf4 {[%clk 00:20:44]} {[%emt 00:00:42]} 27. Qd3
{[%clk 00:06:24]} {[%emt 00:01:33]} Qc4 {[%clk 00:19:46]} {[%emt 00:01:29]} 28.
Qxc4 {[%clk 00:05:10]} {[%emt 00:01:44]} Bxc4 {[%clk 00:19:29]} {[%emt
00:00:47]} 29. Rxd6 {[%clk 00:04:58]} {[%emt 00:00:42]} Bg5 {[%clk 00:18:35]}
{[%emt 00:01:25]} 30. Rd4 {[%clk 00:04:19]} {[%emt 00:01:09]} Rxd4 {[%clk
00:18:20]} {[%emt 00:00:44]} 31. Bxd4 {[%clk 00:04:02]} {[%emt 00:00:48]} Bd5
{[%clk 00:18:05]} {[%emt 00:00:45]} 32. Ne2 {[%clk 00:03:53]} {[%emt 00:00:38]}
Kf7 {[%clk 00:17:44]} {[%emt 00:00:51]} 33. a4 {[%clk 00:03:43]} {[%emt
00:00:41]} f5 {[%clk 00:16:40]} {[%emt 00:01:34]} 34. a5 {[%clk 00:03:18]}
{[%emt 00:00:54]} Bc4 {[%clk 00:14:48]} {[%emt 00:02:22]} 35. Ng3 {[%clk
00:03:41]} {[%emt 00:00:06]} Ke6 {[%clk 00:13:37]} {[%emt 00:01:42]} 36. Kb2
{[%clk 00:02:47]} {[%emt 00:01:24]} Kd5 {[%clk 00:14:02]} {[%emt 00:00:05]} 37.
Bb6 {[%clk 00:02:16]} {[%emt 00:01:01]} h5 {[%clk 00:10:07]} {[%emt 00:04:24]}
38. Kc3 {[%clk 00:01:58]} {[%emt 00:00:48]} Bf4 {[%clk 00:09:19]} {[%emt
00:01:19]} 39. Bd8 {[%clk 00:01:49]} {[%emt 00:00:39]} Be3 {[%clk 00:08:06]}
{[%emt 00:01:43]} 40. Nh1 {[%clk 00:00:46]} {[%emt 00:01:33]} f4 {[%clk
00:07:51]} {[%emt 00:00:44]} 41. Bg5 {[%clk 00:29:35]} {[%emt 00:01:40]} Bf1
{[%clk 00:37:07]} {[%emt 00:01:16]} 42. h4 {[%clk 00:27:59]} {[%emt 00:02:03]}
Ke4 {[%clk 00:36:47]} 0-1

[Event "DEM U14 2024"]
[Site "Willingen GER"]
[Date "2024.05.25"]
[Round "9"]
[White "Mandalka, Justus"]
[Black "Stichter, Constantin Paul"]
[Result "1/2-1/2"]
[Termination "normal"]
[Board "8"]
[WhiteElo "1837"]
[BlackElo "2022"]
[WhiteClock "01:21:01"]
[BlackClock "01:22:53"]
[PlyCount "25"]
[WhiteFideId "16298144"]
[BlackFideId "34603140"]
[EventCountry "GER"]
[EventRounds "9"]
[EventType "swiss"]
[EventDate "2024.05.18"]

1. e4 {[%clk 01:30:54]} {[%emt 00:00:06]} c5 {[%clk 01:30:55]} {[%emt
00:00:06]} 2. Nf3 {[%clk 01:31:20]} {[%emt 00:00:03]} e6 {[%clk 01:31:21]}
{[%emt 00:00:04]} 3. b3 {[%clk 01:31:47]} {[%emt 00:00:03]} a6 {[%clk
01:31:47]} {[%emt 00:00:04]} 4. c4 {[%clk 01:32:11]} {[%emt 00:00:06]} Nc6
{[%clk 01:29:44]} {[%emt 00:02:33]} 5. Bb2 {[%clk 01:32:06]} {[%emt 00:00:35]}
d6 {[%clk 01:27:34]} {[%emt 00:02:40]} 6. Nc3 {[%clk 01:28:23]} {[%emt
00:04:12]} e5 {[%clk 01:24:26]} {[%emt 00:03:38]} 7. Nd5 {[%clk 01:22:44]}
{[%emt 00:06:09]} Nf6 {[%clk 01:24:38]} {[%emt 00:00:18]} 8. d3 {[%clk
01:22:05]} {[%emt 00:01:09]} Nxd5 {[%clk 01:23:20]} {[%emt 00:01:48]} 9. exd5
{[%clk 01:21:21]} {[%emt 00:01:14]} Nd4 {[%clk 01:22:08]} {[%emt 00:01:42]} 10.
Nxd4 {[%clk 01:20:13]} exd4 {[%clk 01:22:31]} {[%emt 00:01:45]} 11. Qe2+ {[%clk
01:20:20]} Qe7 {[%clk 01:22:31]} {[%emt 00:00:53]} 12. O-O-O {[%clk 01:20:34]}
Qxe2 {[%clk 01:22:53]} {[%emt 00:00:24]} 13. Bxe2 {[%clk 01:21:01]} 1/2-1/2

[Event "DEM U14 2024"]
[Site "Willingen GER"]
[Date "2024.05.25"]
[Round "9"]
[White "Vranckx, Oscar"]
[Black "Herrmann, Arthur"]
[Result "0-1"]
[Termination "normal"]
[Board "9"]
[WhiteElo "1870"]
[BlackElo "1929"]
[WhiteClock "01:42:16"]
[BlackClock "00:24:26"]
[PlyCount "94"]
[WhiteFideId "34608788"]
[BlackFideId "16287150"]
[EventCountry "GER"]
[EventRounds "9"]
[EventType "swiss"]
[EventDate "2024.05.18"]

1. e4 {[%clk 01:30:57]} {[%emt 00:00:02]} c5 {[%clk 01:30:55]} {[%emt
00:00:07]} 2. Nf3 {[%clk 01:31:18]} {[%emt 00:00:07]} Nc6 {[%clk 01:31:21]}
{[%emt 00:00:05]} 3. d4 {[%clk 01:31:42]} {[%emt 00:00:06]} cxd4 {[%clk
01:31:46]} {[%emt 00:00:04]} 4. Nxd4 {[%clk 01:32:05]} {[%emt 00:00:07]} Qb6
{[%clk 01:32:12]} {[%emt 00:00:03]} 5. Nb3 {[%clk 01:31:33]} {[%emt 00:01:01]}
Nf6 {[%clk 01:32:10]} {[%emt 00:00:33]} 6. Nc3 {[%clk 01:31:51]} {[%emt
00:00:12]} e6 {[%clk 01:32:22]} {[%emt 00:00:18]} 7. Be3 {[%clk 01:31:46]}
{[%emt 00:00:34]} Qc7 {[%clk 01:32:23]} {[%emt 00:00:30]} 8. a3 {[%clk
01:31:49]} {[%emt 00:00:27]} a6 {[%clk 01:32:26]} {[%emt 00:00:27]} 9. Qd2
{[%clk 01:31:26]} {[%emt 00:00:53]} b5 {[%clk 01:18:12]} {[%emt 00:14:45]} 10.
Bf4 {[%clk 01:30:08]} {[%emt 00:01:46]} d6 {[%clk 00:52:31]} {[%emt 00:26:12]}
11. O-O-O {[%clk 01:29:56]} {[%emt 00:00:42]} e5 {[%clk 00:51:37]} {[%emt
00:01:24]} 12. Bg5 {[%clk 01:30:17]} {[%emt 00:00:08]} Be6 {[%clk 00:51:08]}
{[%emt 00:01:00]} 13. Nd5 {[%clk 01:29:33]} {[%emt 00:01:13]} Bxd5 {[%clk
00:49:44]} {[%emt 00:01:54]} 14. exd5 {[%clk 01:29:56]} {[%emt 00:00:06]} Ne7
{[%clk 00:40:31]} {[%emt 00:09:44]} 15. Bxf6 {[%clk 01:28:54]} {[%emt
00:01:32]} gxf6 {[%clk 00:40:43]} {[%emt 00:00:19]} 16. g3 {[%clk 01:28:09]}
{[%emt 00:01:15]} Qb6 {[%clk 00:36:08]} {[%emt 00:05:04]} 17. Na5 {[%clk
01:26:01]} {[%emt 00:02:38]} Rc8 {[%clk 00:33:56]} {[%emt 00:02:42]} 18. Bg2
{[%clk 01:25:46]} {[%emt 00:00:45]} h5 {[%clk 00:29:45]} {[%emt 00:04:42]} 19.
Rhe1 {[%clk 01:24:23]} {[%emt 00:01:51]} h4 {[%clk 00:28:20]} {[%emt 00:01:56]}
20. f4 {[%clk 01:22:16]} {[%emt 00:02:37]} Bh6 {[%clk 00:22:33]} {[%emt
00:06:17]} 21. Kb1 {[%clk 01:21:58]} {[%emt 00:00:48]} Rg8 {[%clk 00:18:40]}
{[%emt 00:04:22]} 22. Bh3 {[%clk 01:21:25]} {[%emt 00:01:03]} Rc5 {[%clk
00:18:14]} {[%emt 00:00:58]} 23. b4 {[%clk 01:21:01]} {[%emt 00:00:53]} Rxd5
{[%clk 00:14:53]} {[%emt 00:03:51]} 24. Qg2 {[%clk 01:20:44]} {[%emt 00:00:45]}
Rxd1+ {[%clk 00:13:45]} {[%emt 00:01:40]} 25. Rxd1 {[%clk 01:21:08]} {[%emt
00:00:06]} d5 {[%clk 00:13:23]} {[%emt 00:00:53]} 26. Qf3 {[%clk 01:20:40]}
{[%emt 00:00:57]} e4 {[%clk 00:10:29]} {[%emt 00:03:24]} 27. Qh5 {[%clk
01:20:40]} {[%emt 00:00:28]} f5 {[%clk 00:10:04]} {[%emt 00:00:57]} 28. Qxh4
{[%clk 01:20:06]} {[%emt 00:01:04]} Bg7 {[%clk 00:08:39]} {[%emt 00:01:56]} 29.
Bxf5 {[%clk 01:17:41]} {[%emt 00:02:54]} Nxf5 {[%clk 00:07:31]} {[%emt
00:01:38]} 30. Qh7 {[%clk 01:17:28]} {[%emt 00:00:43]} Qf6 {[%clk 00:07:33]}
{[%emt 00:00:29]} 31. Qxg8+ {[%clk 01:17:20]} {[%emt 00:00:37]} Ke7 {[%clk
00:07:47]} {[%emt 00:00:16]} 32. c3 {[%clk 01:16:26]} {[%emt 00:01:25]} Qxc3
{[%clk 00:05:39]} {[%emt 00:02:38]} 33. Nc6+ {[%clk 01:15:58]} {[%emt
00:00:57]} Qxc6 {[%clk 00:04:48]} {[%emt 00:01:22]} 34. Qb8 {[%clk 01:15:19]}
{[%emt 00:01:08]} e3 {[%clk 00:03:16]} {[%emt 00:02:02]} 35. Rc1 {[%clk
01:14:36]} {[%emt 00:01:13]} Bc3 {[%clk 00:02:25]} {[%emt 00:01:21]} 36. g4
{[%clk 01:12:26]} {[%emt 00:02:40]} Qc4 {[%clk 00:01:25]} {[%emt 00:01:32]} 37.
Rxc3 {[%clk 01:12:23]} {[%emt 00:00:32]} Qxc3 {[%clk 00:01:49]} {[%emt
00:00:07]} 38. gxf5 {[%clk 01:12:46]} {[%emt 00:00:06]} Qb3+ {[%clk 00:01:10]}
{[%emt 00:01:08]} 39. Kc1 {[%clk 01:13:07]} {[%emt 00:00:10]} Qc3+ {[%clk
00:01:24]} {[%emt 00:00:17]} 40. Kb1 {[%clk 01:13:31]} {[%emt 00:00:05]} e2
{[%clk 00:00:57]} {[%emt 00:00:57]} 41. f6+ {[%clk 01:13:45]} {[%emt 00:00:16]}
Qxf6 {[%clk 00:27:33]} {[%emt 00:03:54]} 42. Qa7+ {[%clk 01:43:38]} {[%emt
00:00:36]} Kf8 {[%clk 00:27:24]} {[%emt 00:00:40]} 43. Qc5+ {[%clk 01:43:38]}
{[%emt 00:00:30]} Kg7 {[%clk 00:25:27]} {[%emt 00:02:28]} 44. Qf2 {[%clk
01:43:04]} {[%emt 00:01:03]} Qe6 {[%clk 00:24:04]} {[%emt 00:01:53]} 45. Qe1
{[%clk 01:42:53]} {[%emt 00:00:39]} Qe3 {[%clk 00:24:09]} {[%emt 00:00:26]} 46.
Kc2 {[%clk 01:42:44]} {[%emt 00:00:39]} d4 {[%clk 00:24:22]} {[%emt 00:00:18]}
47. Qh4 {[%clk 01:42:16]} {[%emt 00:00:54]} Qc3+ {[%clk 00:24:26]} {[%emt
00:00:30]} 0-1